LEADER 01222nam0-22003251i-450- 001 990006281860403321 005 20070118153551.0 035 $a000628186 035 $aFED01000628186 035 $a(Aleph)000628186FED01 035 $a000628186 100 $a20000112d1948----km-y0itay50------ba 101 0 $aita 102 $aIT 105 $ay---n---001yy 200 1 $a<>legge generale sulla pubblica amministrazione$el'organizzazione amministrativa dello Stato$el'organizzazione amministrativa degli Enti pubblici$ela giustizia amministrativa$fPresidenza del Consiglio dei Ministri, Commissione per la riforma dell'Amministrazione$gpref. di U. Forti 210 $aRoma$cIstituto Poligrafico dello Stato$d1948 215 $a458 p.$d24 cm 676 $a350.009$v21$zita 702 1$aForti,$bU. 710 01$aItalia :$bPresidenza del Consiglio dei Ministri :$bCommissione per la riforma dell'Amministrazione$0254944 801 0$aIT$bUNINA$gRICA$2UNIMARC 901 $aBK 912 $a990006281860403321 952 $aVI I 11$b29569$fFGBC 952 $aDono prof. Iaccarino 20$b1978$fDDA 959 $aFGBC 959 $aDDA 996 $aLegge generale sulla pubblica amministrazione$9639715 997 $aUNINA LEADER 01968oam 2200529 450 001 9910713391903321 005 20200324080758.0 035 $a(CKB)5470000002499720 035 $a(OCoLC)1141771298 035 $a(EXLCZ)995470000002499720 100 $a20200224d1978 ua 0 101 0 $aeng 135 $aur||||||||||| 181 $ctxt$2rdacontent 182 $cc$2rdamedia 183 $acr$2rdacarrier 200 10$aGeologic assessment of undiscovered conventional oil and gas resources in the Lower Paleogene Midway and Wilcox Groups, and the Carrizo Sand of the Claiborne Group, of the Northern Gulf coast region /$fby Peter D. Warwick 210 1$aReston, Virginia :$cU.S. Department of the Interior, Geological Survey,$d2017. 215 $a1 online resource (vi, 60 pages) $ccolor illustrations 225 1 $aOpen-file report ;$v2017-1111 320 $aIncludes bibliographical references (pages 15-27). 606 $aNatural gas$zGulf States 606 $aPetroleum$zGulf States 606 $aGeology, Stratigraphic$yPaleogene 606 $aGeology, Stratigraphic$2fast 606 $aNatural gas$2fast 606 $aPaleogene Geologic Period$2fast 606 $aPetroleum$2fast 607 $aUnited States$zGulf States$2fast 615 0$aNatural gas 615 0$aPetroleum 615 0$aGeology, Stratigraphic 615 7$aGeology, Stratigraphic. 615 7$aNatural gas. 615 7$aPaleogene Geologic Period. 615 7$aPetroleum. 700 $aWarwick$b Peter D.$01382828 712 02$aGeological Survey (U.S.), 801 0$bCOP 801 1$bCOP 801 2$bOCLCO 801 2$bOCLCF 801 2$bGPO 906 $aBOOK 912 $a9910713391903321 996 $aGeologic assessment of undiscovered conventional oil and gas resources in the Lower Paleogene Midway and Wilcox Groups, and the Carrizo Sand of the Claiborne Group, of the Northern Gulf coast region$93443628 997 $aUNINA